000 00258nam a22001097a 4500
082 _a355.02 HAS'V
100 _aHASTINGS, MAX
_948738
245 _aVICTORY IN EUROPE, D-DAY TO V-E DAY
260 _aBOSTON
_bLITTLE BROWN
_c1985
300 _a192P
942 _cBK
999 _c574920
_d574920